000 00527nam a2200169 i 4500
001 77346
003 ES-MaACL
005 20230906173154.0
007 t|
008 041008s1926 fr ||||1| fre d
100 1 _aHackspill, Louis.
_961400
245 1 0 _aPetite industrie chimique
_b: (industrie des métalloïdes) /
_cpar Louis Hackspill et P. Remy-Genneté.
260 _aParis :
_bJ.B. Baillière et Fils,
_c1926.
300 _aVIII, 834 p. ;
_c24 cm.
700 1 _aRemy-Genneté, P.
_996167
852 _aES-MaACL
_jB-12190
999 _c77346
_d77346